00522nam a22001817u 45000010005000000030004000050050017000090070003000260080041000290240014000700240020000840400008001041000019001122450076001312600060002074900035002677100038003025928OSt20170825104309.0tu161220s2002 xxu||||| |||| 00| 0 d7 a59282RID7 a59282RSN (alt) cOSt1 aStone, Mark R.00aCorporate Sector RestructingbThe Role of Government in Times of Crises aWashington, D.C. :bInternational Monetary Fund,c2002.0 aEconomic Issuesv31x1020-50982 aInternational Monetary Fund (IMF)